000 00471nam a2200145 4500
999 _c14977
_d14977
008 200204b ||||| |||| 00| 0 eng d
022 _a00116009
082 _aDPer 792.805 D19 Mar-Aug 2016 v. 90, n. 3-8
100 _aMainwaring, Madison.
_941572
245 _aMake it new/
_cMadison Mainwaring.
260 _aNew York:
_bDance Media,
_c©Mar-Aug 2016.
300 _av. 90 n.4, pages 31-32.
_bcolored illustrations:
_c25 cm.
650 _aDance.
_941573
942 _2ddc
_cPER